Ruže pre Sapfó výber z tvorby z rokov 1922-1945

Bibliographic Details
Main Author: Pawlikowska-Jasnorzewska, Maria, 1891-1945 (Author)
Other Authors: Gáfriková, Gizela, 1945-2014 (Translator), Stopiak, Dušan, 1953-1991 (Illustrator)
Format: Book
Language:Slovak
Polish
PhysicalDescription:125 s. ilustr. 17 cm
Published: Bratislava Tatran 1984
Edition:1. vyd.
Series:Poézia
Subjects:

MARC

LEADER 00000cam a2200000 a 4500
001 vtls001093198
003 SK-MaSNL
005 20260301055618.0
008 250414s1984 xo a gr 0000p slo
015 |a SNBA1984/11 
020 |q (viaz.) 
035 |a SNK000036040 
040 |a SNK  |b slo  |c SNK  |e AACR2 
041 1 |a slo  |h pol 
044 |a xo  |c SK 
072 7 |a 821.162.1  |x Poľská literatúra  |2 konspekt 
080 |a 884-1  |2 1981 
080 |a 821.162.1-1  |2 2011 
080 |a (082.2)  |2 2011 
100 1 |a Pawlikowska-Jasnorzewska, Maria,  |d 1891-1945  |4 aut  |9 369518 
245 1 0 |a Ruže pre Sapfó  |b výber z tvorby z rokov 1922-1945  |c Maria Pawlikowska-Jasnorzewska ; preložila Gizela Gáfriková Slavkovská ; ilustroval Dušan Stopiak 
250 |a 1. vyd. 
260 |a Bratislava  |b Tatran  |c 1984 
300 |a 125 s.  |b ilustr.  |c 17 cm 
366 |e 800 výtl. 
490 1 |a Poézia  |v zv. 6O 
500 |a Ilustr. na front. 
648 7 |a 1922-1945  |2 SNKPH  |9 369519 
655 7 |a poľská poézia  |2 SNKPH  |9 70590 
655 7 |a antológie  |2 SNKPH  |9 70414 
700 1 |a Gáfriková, Gizela,  |d 1945-2014  |4 trl  |9 101617 
700 1 |a Stopiak, Dušan,  |d 1953-1991  |4 ill  |9 169620 
830 0 |a Poézia  |9 278340 
852 |a Slovenská národná knižnica 
954 |a beletria cudzojazyčná (svetová)  |2 lita 
958 |a OND 
958 |a LX 
958 |a TL 
958 |a UP 
958 |a PL 
999 |c 613757  |d 615687 
952 |t P60, <05>, [BOOK], {605}  |a SNK  |b SNK  |y PREZ  |7 0  |p 17A0124077  |o snkSD 56332 D1  |0 0  |1 0  |4 0  |d 1998-02-27  |l 0  |r 2004-12-31 00:00:00  |w 2026-02-23